[Event "2009 Standard Chess Dropout Tournament, Round 1"]
[Site "SchemingMind.com"]
[Date "2008.11.15"]
[Round "1"]
[White "Neutrino"]
[Black "Zerstörer"]
[Result "0-1"]
[WhiteCountry "EGY"]
[BlackCountry "ITA"]
[WhiteElo "1622"]
[WhiteRD "134"]
[BlackElo "2041"]
[BlackRD "87"]
[GameID "178437"]

1. d4 Nf6 2. c4 g6 3. Nf3 Bg7 4. Nc3 d5 5. cxd5 Nxd5 6. e4 Nxc3 7. bxc3 c5 8. Rb1 O-O 9. Be2 cxd4 10. cxd4 Qa5+
11. Qd2 Qxd2+ 12. Bxd2 b6 13. O-O Bb7 14. d5 Rc8 15. Rfc1 Nd7 16. Bb4 Kf8 17. Kf1 Rxc1+ 18. Rxc1 Rc8 19. Rxc8+ Bxc8 20. Ke1 Ne5
21. Nxe5 Bxe5 22. h4 Ke8 23. Kd2 Bd7 24. Ke3 Bc7 25. g4 Ba4 26. Kd4 f6 27. Ke3 Bd7 28. f3 a5 29. Bc3 a4 30. a3 Bd6
31. Bb2 b5 32. f4 b4 33. axb4 Bxb4 34. Kd4 f5 35. gxf5 gxf5 36. exf5 Bxf5 37. Ke5 Bc2 38. Ke6 a3 39. Bd4 a2 40. f5 Be1
41. h5 Bh4 42. d6 Bb3+
0-1

[Event "2009 Standard Chess Dropout Tournament, Round 1"]
[Site "SchemingMind.com"]
[Date "2008.11.11"]
[Round "1"]
[White "olivsan"]
[Black "Danzino"]
[Result "0-1"]
[WhiteCountry "BRA"]
[BlackCountry "GBR"]
[WhiteElo "1592"]
[WhiteRD "79"]
[BlackElo "2033"]
[BlackRD "98"]
[GameID "178439"]

1. d4 Nf6 2. Nf3 g6 3. Nc3 d5 4. Bf4 Bg7 5. e3 O-O 6. Bd3 c5 7. dxc5 Nbd7 8. Na4 Nxc5 9. Nxc5 Qa5+ 10. Qd2 Qxc5
11. b4 Qb6 12. c3 Nh5 13. O-O Nxf4 14. exf4 Bg4 15. Be2 Rfd8 16. h3 Bxf3 17. Bxf3 Rac8 18. Rac1 Qf6 19. Rfe1 e6 20. Qd4 Qxd4
21. cxd4 Bxd4 22. Rxc8 Rxc8 23. Rd1 Rc4 24. a3 Bb2 25. Rd3 Rxf4 26. g3 Rc4 27. Rb3 Bd4 28. Be2 Rc2 29. Kf1 Rc1+ 30. Kg2 Kf8
31. Rd3 Bb6 32. f4 Ke7 33. Bd1 Kd6 34. h4 f6 35. Bf3 a6 36. Rb3 e5 37. fxe5+ fxe5 38. Rd3 Rc2+ 39. Kf1 d4 40. Bxb7 a5
41. b5 Kc5 42. Ba6 e4 43. Rd1 d3 44. Ke1 Kd4 45. Bc8 e3 46. Bg4 Ke4 47. a4 Rh2
0-1

[Event "2009 Standard Chess Dropout Tournament, Round 1"]
[Site "SchemingMind.com"]
[Date "2008.11.22"]
[Round "1"]
[White "Ollowain"]
[Black "keen"]
[Result "1-0"]
[WhiteCountry "GER"]
[BlackCountry "SCO"]
[WhiteElo "2152"]
[WhiteRD "87"]
[BlackElo "1694"]
[BlackRD "57"]
[GameID "178441"]

1. d4 d5 2. c4 Nc6 3. cxd5 Qxd5 4. e3 Nf6 5. Nc3 Qd8 6. Nf3 Bg4 7. d5 Bxf3 8. Qxf3 Nb4 9. Bb5+ Nd7 10. O-O g6
11. a3 Na6 12. e4 Bg7 13. Bf4 Nb8 14. e5 Qc8 15. e6 fxe6 16. dxe6 O-O 17. exd7 Nxd7 18. Qd5+ Kh8 19. Bxd7 Qd8 20. Be5 Rf5
21. Bxg7+ Kxg7 22. Bxf5
1-0

[Event "2009 Standard Chess Dropout Tournament, Round 1"]
[Site "SchemingMind.com"]
[Date "2008.11.10"]
[Round "1"]
[White "Thomas Meehan"]
[Black "bosh"]
[Result "1-0"]
[WhiteCountry "ENG"]
[BlackCountry "EGY"]
[WhiteElo "1350"]
[WhiteRD "115"]
[BlackElo "1317"]
[BlackRD "207"]
[GameID "178442"]

1. c4 e6 2. Nc3 b6 3. Nf3 Bb7 4. g3 Nc6 5. Bg2 g6 6. O-O Bg7 7. d4 Nf6 8. Ne5 Nh5 9. e3 d6 10. Nxc6 Bxc6
11. Bxc6+ Ke7 12. Bxa8 Qxa8 13. d5 Re8 14. Nb5 Qb7 15. e4 Kf8 16. Bg5 Bxb2 17. Rb1 a6 18. Rxb2 axb5 19. cxb5 exd5 20. exd5 Kg8
21. Qd4 Re5 22. Bh6 Nf6 23. Qh4 Nxd5 24. Qd8+ Re8 25. Qxe8#
1-0

[Event "2009 Standard Chess Dropout Tournament, Round 1"]
[Site "SchemingMind.com"]
[Date "2008.11.11"]
[Round "1"]
[White "Orhany24"]
[Black "marble"]
[Result "1-0"]
[WhiteCountry "TUR"]
[BlackCountry "ENG"]
[WhiteElo "1715"]
[WhiteRD "77"]
[BlackElo "1840"]
[BlackRD "56"]
[GameID "178443"]

1. e4 c5 2. Nf3 g6 3. d4 cxd4 4. Qxd4 f6 5. Bc4 Nc6 6. Qd1 e6 7. O-O a6 8. a3 Qb6 9. Nc3 Nh6 10. b4 Qc7
11. Qe2 Ne5 12. Nxe5 Qxe5 13. Bb2 Qc7 14. f4 b5 15. Bb3 Be7 16. Kh1 Nf7 17. Rad1 O-O 18. Nb1 Bd6 19. Qg4 Bb7 20. Nd2 f5
21. exf5 exf5 22. Qh4 Rae8 23. Qf6 Bxg2+ 24. Kxg2 Qc6+ 25. Nf3 Re2+ 26. Rf2 Rxf2+ 27. Kxf2 Bc5+ 28. bxc5 Qxf6 29. Bxf6 Rc8 30. Rxd7
1-0

[Event "2009 Standard Chess Dropout Tournament, Round 1"]
[Site "SchemingMind.com"]
[Date "2008.11.15"]
[Round "1"]
[White "palaciorep"]
[Black "Mekk"]
[Result "0-1"]
[WhiteCountry "ARG"]
[BlackCountry "POL"]
[WhiteElo "1605"]
[WhiteRD "97"]
[BlackElo "1956"]
[BlackRD "78"]
[GameID "178444"]

1. e4 e6 2. Nf3 d5 3. e5 c5 4. Bb5+ Bd7 5. Bxd7+ Qxd7 6. O-O Nc6 7. c3 d4 8. cxd4 cxd4 9. d3 Nge7 10. Bf4 Ng6
11. Bg3 Be7 12. Nbd2 O-O 13. a3 Rac8 14. Rc1 Qd5 15. Re1 h5 16. h3 h4 17. Bh2 Rc7 18. b4 Rfc8 19. Nc4 Nxb4 20. axb4 b5
21. Qd2 bxc4 22. dxc4 Rxc4 23. Rxc4 Rxc4 24. Rb1 d3 25. b5 Rc2 26. Qa5 d2 27. Nxd2 Qxd2 28. Qxd2 Rxd2 29. f4 Bc5+ 30. Kh1 Ne7
31. Bg1 Bb6 32. Bxb6 axb6 33. Ra1 Rb2 34. Ra8+ Kh7 35. Ra7 Nf5 36. Rxf7 Rb1+ 37. Kh2 Ng3
0-1

[Event "2009 Standard Chess Dropout Tournament, Round 1"]
[Site "SchemingMind.com"]
[Date "2008.11.15"]
[Round "1"]
[White "PankracyRozumek"]
[Black "Filanator"]
[Result "1-0"]
[WhiteCountry "POL"]
[BlackCountry "AUS"]
[WhiteElo "1982"]
[WhiteRD "89"]
[BlackElo "1156"]
[BlackRD "115"]
[GameID "178445"]

1. e4 e5 2. Nf3 Nc6 3. d4 exd4 4. Nxd4 Bc5 5. Be3 Qf6 6. Nb5 Bxe3 7. fxe3 b6 8. Nxc7+ Kd8 9. Nxa8 Bb7 10. Nxb6 axb6
11. Nc3 Nb4 12. Bb5 Ne7 13. Qxd7#
1-0

[Event "2009 Standard Chess Dropout Tournament, Round 1"]
[Site "SchemingMind.com"]
[Date "2008.11.10"]
[Round "1"]
[White "paradox"]
[Black "Erhaem"]
[Result "1-0"]
[WhiteCountry "GER"]
[BlackCountry "NED"]
[WhiteElo "1863"]
[WhiteRD "120"]
[BlackElo "1953"]
[BlackRD "78"]
[GameID "178446"]

1. Nf3 Nf6 2. g3 d5 3. Bg2 c6 4. O-O Bg4 5. d3 Nbd7 6. Nbd2 e5 7. e4 dxe4 8. dxe4 Bc5 9. h3 Be6 10. Ng5 Qe7
11. Nxe6 Qxe6 12. c3 Nb6 13. b3 O-O 14. Qe2 Rad8 15. b4 Be7 16. a4 Rd7 17. a5 Nc8 18. Nc4 Rfd8 19. Nb2 c5 20. b5 Nd6
21. c4 a6 22. b6 Nc8 23. Be3 Bd6 24. Na4 Ne7 25. Nxc5 Bxc5 26. Bxc5 Nc6 27. f4 Rd2 28. Qe1 exf4 29. gxf4 Qxc4 30. Rc1 Qa2
31. Rf2 Qxa5 32. Rxd2 Rxd2 33. Be3 Rc2 34. Qxa5 Rxc1+ 35. Bxc1 Nxa5 36. e5 Nd7 37. Be3 Nc4 38. Bd4 a5 39. Bxb7 g6 40. Kf2 a4
41. Ke2 a3 42. Kd3 Ndxb6 43. Kc3
1-0

[Event "2009 Standard Chess Dropout Tournament, Round 1"]
[Site "SchemingMind.com"]
[Date "2008.11.12"]
[Round "1"]
[White "Patjanka"]
[Black "Artur"]
[Result "1-0"]
[WhiteCountry "DEN"]
[BlackCountry "POL"]
[WhiteElo "2189"]
[WhiteRD "76"]
[BlackElo "1874"]
[BlackRD "94"]
[GameID "178447"]

1. c4 e5 2. Nc3 Nf6 3. Nf3 Nc6 4. g3 d5 5. cxd5 Nxd5 6. Bg2 Be6 7. O-O Be7 8. d4 exd4 9. Nxd4 Nxc3 10. bxc3 Nxd4
11. cxd4 c6 12. Rb1 Qd7 13. Qa4 O-O 14. d5 Bxd5 15. Bxd5 Qxd5 16. Rxb7 Bc5 17. Qc2= Rad8 18. e4 Qh5 19. Kg2 Rfe8 20. f3 Re6
21. Rd1 Rxd1 22. Qxd1 Re8 23. Qd7 Qe5 24. Qxf7+ Kh8 25. Bf4
1-0

[Event "2009 Standard Chess Dropout Tournament, Round 1"]
[Site "SchemingMind.com"]
[Date "2008.11.10"]
[Round "1"]
[White "pawngrabber"]
[Black "thefriediceman"]
[Result "0-1"]
[WhiteCountry "ENG"]
[BlackCountry "USA"]
[WhiteElo "1884"]
[WhiteRD "81"]
[BlackElo "1830"]
[BlackRD "67"]
[GameID "178448"]

1. d4 Nf6 2. c4 e6 3. Nf3 b6 4. e3 Bb7 5. Bd3 c5 6. O-O cxd4 7. exd4 d5 8. Nc3 Be7 9. Bg5 dxc4 10. Bxc4 O-O
11. Qe2 Nc6 12. Rfd1 Na5 13. Bd3 Re8 14. Rac1 Nd5 15. Bxe7 Rxe7 16. Nxd5 Bxd5 17. Ng5 h6 18. Qh5 Rd7 19. Rc3 Qxg5
0-1

[Event "2009 Standard Chess Dropout Tournament, Round 1"]
[Site "SchemingMind.com"]
[Date "2008.11.16"]
[Round "1"]
[White "Pedro666"]
[Black "Apocalypse"]
[Result "0-1"]
[WhiteCountry "POL"]
[BlackCountry "USA"]
[WhiteElo "2094"]
[WhiteRD "89"]
[BlackElo "2395"]
[BlackRD "82"]
[GameID "178450"]

1. d4 d5 2. c4 dxc4 3. e4 e5 4. Nf3 exd4 5. Qxd4 Nc6 6. Qxd8+ Nxd8 7. Bxc4 Be6 8. Nbd2 Nf6 9. O-O Bxc4 10. Nxc4 Ne6
11. Re1 Bb4 12. Bd2 Bxd2 13. Nfxd2 O-O-O 14. Nb3 b6 15. Ne5 Rde8 16. Nxf7 Rhf8 17. Ne5 Nf4 18. Nc4 Rxe4 19. Rxe4 Nxe4 20. f3 Nf6
21. Rd1 c5 22. g3 N4d5 23. a4 Kc7 24. a5 Re8 25. axb6+= axb6 26. Kf2 b5 27. Na3 Kb6 28. Re1 c4 29. Nd4 b4 30. Rxe8 Nxe8
31. Nb1 Kc5 32. Ne2 Nd6 33. g4 Nb5 34. f4 c3 35. bxc3 bxc3 36. f5 c2 37. Nd2 Nd4 38. Nc1 Kb4 39. h4 Kc3 40. Ne4+ Kb2
41. Nd3+ Ka3 42. Kg3 Ka2 43. Nd2 h5 44. gxh5 Nxf5+ 45. Kg4 Nd4 46. Kg5 Ne6+ 47. Kf5 Nef4 48. Nc1+ Kb2 49. Ndb3 Nxh5 50. Kg6 Ndf4+
51. Kg5 g6 52. Kg4 Ne6 53. Kf3 Nhg7 54. Ke4 Nc5+ 55. Nxc5 Kxc1 56. Ke5 Nh5 57. Ke4 Kb1 58. Nd3 c1=Q 59. Nxc1 Kxc1 60. Ke3 Kd1
61. Kf3 Kd2 62. Kg4 Ke3 63. Kg5 Nf4 64. Kg4 Ke4
0-1

[Event "2009 Standard Chess Dropout Tournament, Round 1"]
[Site "SchemingMind.com"]
[Date "2008.11.13"]
[Round "1"]
[White "pjl1015"]
[Black "Archr"]
[Result "1-0"]
[WhiteCountry "USA"]
[BlackCountry "USA"]
[WhiteElo "2431"]
[WhiteRD "89"]
[BlackElo "1599"]
[BlackRD "81"]
[GameID "178452"]

1. Nf3 Nf6 2. d4 b6 3. Bg5 e6 4. e4 h6 5. Bxf6 gxf6 6. Nc3 Bb7 7. d5 Be7 8. Qd4 e5 9. Qd2 d6 10. Bb5+ c6
11. dxc6 Bxc6 12. Nh4 Qc7 13. Nd5 Qb7 14. Nxe7 Qxe7 15. Nf5 Qc7 16. Nxd6+
1-0

[Event "2009 Standard Chess Dropout Tournament, Round 1"]
[Site "SchemingMind.com"]
[Date "2008.11.11"]
[Round "1"]
[White "mmccaffe"]
[Black "Tyler"]
[Result "0-1"]
[WhiteCountry "USA"]
[BlackCountry "SUI"]
[WhiteElo "1488"]
[WhiteRD "51"]
[BlackElo "1886"]
[BlackRD "165"]
[GameID "178453"]

1. e4 c5 2. Nf3 d6 3. d4 cxd4 4. Nxd4 Nf6 5. Nc3 a6 6. Be2 e5 7. Nf3 h6 8. O-O Be7 9. h3 Be6 10. Be3 O-O
11. a4 Nc6 12. Nd5 Nxe4 13. Bb6 Qd7 14. Nc7 Rac8 15. Nxa6 bxa6 16. Bxa6 Rb8 17. a5 Bd8 18. Qe2 Bxb6 19. axb6 Nc5
0-1

[Event "2009 Standard Chess Dropout Tournament, Round 1"]
[Site "SchemingMind.com"]
[Date "2008.11.10"]
[Round "1"]
[White "Manfred Kraut"]
[Black "kynoceros"]
[Result "0-1"]
[WhiteCountry "GER"]
[BlackCountry "USA"]
[WhiteElo "1451"]
[WhiteRD "67"]
[BlackElo "1655"]
[BlackRD "140"]
[GameID "178454"]

1. d4 Nf6 2. Nf3 d5 3. e3 c5 4. Bd3 g6 5. O-O e6 6. Nbd2 c4 7. Be2 Bd6 8. c3 O-O 9. b3 Qc7 10. bxc4 dxc4
11. Nxc4 a5 12. Qd3 Re8 13. e4 Be7 14. g3 b5 15. Nb2 Ba6 16. e5 Nd5 17. Bd2 b4 18. Qe4 Bxe2 19. Qxe2 Nxc3 20. Qe1 Rd8
21. Rc1 Qc6 22. a3 Qxf3 23. axb4 axb4 24. Nc4 Na2 25. Ra1 b3 26. Bb4 Nc6 27. Nd2 Qd3 28. Bxe7 Nxe7 29. Rb1 Rxd4 30. Nxb3 Rb4
31. Nc5 Rxb1 32. Qxb1 Qxb1 33. Rxb1 Nc3 34. Rb7 Ned5 35. Nd7 Ra1+ 36. Kg2 Rb1 37. Rxb1 Nxb1 38. Kf3 Kg7 39. h4 f6 40. exf6+ Nxf6
41. Nxf6 Kxf6 42. g4 g5 43. h5 Nd2+ 44. Ke3 Nc4+ 45. Ke4= Ne5 46. f4 Nxg4 47. fxg5+ Kxg5 48. Kf3 Kxh5 49. Kg3 e5 50. Kf3 Kg5
51. Ke4 h5
0-1

[Event "2009 Standard Chess Dropout Tournament, Round 1"]
[Site "SchemingMind.com"]
[Date "2008.11.12"]
[Round "1"]
[White "Quaff"]
[Black "willygor"]
[Result "0-1"]
[WhiteCountry "ENG"]
[BlackCountry "ARG"]
[WhiteElo "1712"]
[WhiteRD "71"]
[BlackElo "1819"]
[BlackRD "113"]
[GameID "178455"]

1. e4 e6 2. f4 d6 3. Nf3 Nc6 4. Bb5 Bd7 5. d3 a6 6. Bxc6 Bxc6 7. Be3 Nf6 8. Nc3 Be7 9. O-O Qd7 10. Nd4 O-O
11. f5 e5 12. Nxc6 bxc6 13. Rf3 d5 14. Bd2 Rab8 15. b3 Bb4 16. Qe2 Rfd8 17. Be1 d4 18. Na4 Be7 19. Nb2 c5 20. Nc4 Bd6
21. Bd2 Ne8 22. Rg3 f6 23. Rf1 Bf8 24. h4 Nd6 25. Nb2 Kh8 26. h5 h6 27. Qg4 Qf7 28. Qg6 Rd7 29. Qxf7 Rxf7 30. Ba5 Rb7
31. Bd2 Nb5 32. Nc4 Nd6 33. Nxd6 cxd6 34. a4 d5 35. Rgf3 dxe4 36. dxe4 Rfc7 37. Ba5 Rc6 38. Bd2= c4 39. Bc1 cxb3 40. cxb3 Rc3
41. Bb2 Rcxb3 42. Bc1 Rb1 43. Ra3 Bxa3 44. Bxa3 Rxf1+ 45. Kxf1 Rb1+ 46. Kf2 Ra1
0-1

[Event "2009 Standard Chess Dropout Tournament, Round 1"]
[Site "SchemingMind.com"]
[Date "2008.11.11"]
[Round "1"]
[White "RA~H"]
[Black "C. H. O'D. Schlechter"]
[Result "0-1"]
[WhiteCountry "USA"]
[BlackCountry "USA"]
[WhiteElo "1852"]
[WhiteRD "142"]
[BlackElo "2425"]
[BlackRD "78"]
[GameID "178456"]

1. e4 e5 2. Nf3 Nc6 3. Bb5 a6 4. Ba4 Nf6 5. O-O Bc5 6. c3 Bb6 7. d4 Nxe4 8. Qe2 f5 9. Nbd2 O-O 10. Nxe4 fxe4
11. Qxe4 d5 12. Bb3 Be6 13. Qe3 Rf5 14. Ng5 Bf7 15. Qg3 exd4 16. Bc2 Bg6 17. Bxf5 Bxf5 18. cxd4 Nxd4 19. Qe5 Qd7 20. Be3 Ne2+
21. Kh1 Re8 22. Qxe8+ Qxe8 23. Bxb6 cxb6 24. Rfe1 d4 25. Nf3 Qb5
0-1

[Event "2009 Standard Chess Dropout Tournament, Round 1"]
[Site "SchemingMind.com"]
[Date "2008.11.11"]
[Round "1"]
[White "Raimondi"]
[Black "thebirdolux"]
[Result "0-1"]
[WhiteCountry "PER"]
[BlackCountry "USA"]
[WhiteElo "1698"]
[WhiteRD "65"]
[BlackElo "2261"]
[BlackRD "73"]
[GameID "178457"]

1. e4 c5 2. Nf3 e6 3. d4 cxd4 4. Nxd4 Nf6 5. Nc3 d6 6. g4 h6 7. h4 Be7 8. Bg2 g6 9. g5 hxg5 10. hxg5 Rxh1+
11. Bxh1 Nh7 12. f4 e5 13. Nf3 Bg4 14. Qd5 Nc6 15. Qb3 Bxf3 16. Bxf3 Nd4
0-1

[Event "2009 Standard Chess Dropout Tournament, Round 1"]
[Site "SchemingMind.com"]
[Date "2008.11.11"]
[Round "1"]
[White "Rekursiv"]
[Black "chesshub"]
[Result "0-1"]
[WhiteCountry "USA"]
[BlackCountry "FRA"]
[WhiteElo "2148"]
[WhiteRD "93"]
[BlackElo "2442"]
[BlackRD "67"]
[GameID "178459"]

1. b3 e5 2. Bb2 Nc6 3. e3 Nf6 4. Bb5 Bd6 5. Na3 Na5 6. Nc4 Nxc4 7. Bxc4 O-O 8. Ne2 c6 9. a4 Bc7 10. Ng3 d5
11. Be2 g6 12. O-O h5 13. h3 h4 14. Nh1 e4 15. f3 exf3 16. Bxf3 Qd6 17. Bxf6 Qxf6 18. Bg4 Qe5 19. Bxc8 Qh2+ 20. Kf2 Raxc8
21. Qf3 Rce8 22. Ke2 d4 23. Nf2 Re6 24. Ng4 Qd6 25. Rae1 f5 26. Nf2 Rfe8
0-1

[Event "2009 Standard Chess Dropout Tournament, Round 1"]
[Site "SchemingMind.com"]
[Date "2008.11.15"]
[Round "1"]
[White "remigius"]
[Black "Mitchell-in"]
[Result "1/2-1/2"]
[WhiteCountry "ESP"]
[BlackCountry "ENG"]
[WhiteElo "1781"]
[WhiteRD "93"]
[BlackElo "1681"]
[BlackRD "65"]
[GameID "178460"]

1. e4 c6 2. c4 d5 3. cxd5 cxd5 4. exd5 Qxd5 5. Nc3 Qd6 6. Nf3 Nf6 7. Bc4 e6 8. O-O Nc6 9. d4 Be7 10. Nb5 Qd8
11. Bf4 O-O 12. Nc7 Rb8 13. Nb5 Ra8=
1/2-1/2

[Event "2009 Standard Chess Dropout Tournament, Round 1"]
[Site "SchemingMind.com"]
[Date "2008.11.11"]
[Round "1"]
[White "reptile"]
[Black "acctuary"]
[Result "1-0"]
[WhiteCountry "ISR"]
[BlackCountry "USA"]
[WhiteElo "1888"]
[WhiteRD "83"]
[BlackElo "1296"]
[BlackRD "78"]
[GameID "178461"]

1. e4 e6 2. d4 d5 3. Nd2 Bb4 4. c3 Ba5 5. Bd3 Nf6 6. e5 Nfd7 7. Ne2 c5 8. O-O cxd4 9. cxd4 Nc6 10. f4 O-O
11. Nf3 f5 12. exf6 Nxf6 13. Ne5 Ne4 14. Bxe4 dxe4 15. Be3 Qd5 16. b3 b6 17. Rc1 Nxe5 18. fxe5 Ba6 19. Rxf8+ Rxf8 20. Nf4 Qd7
21. Qg4 Qf7 22. a3 b5 23. Qxe6 Qxe6 24. Nxe6 Rc8 25. Nc5
1-0

[Event "2009 Standard Chess Dropout Tournament, Round 1"]
[Site "SchemingMind.com"]
[Date "2008.11.10"]
[Round "1"]
[White "rkttkr"]
[Black "andy146"]
[Result "1-0"]
[WhiteCountry "ENG"]
[BlackCountry "POL"]
[WhiteElo "2096"]
[WhiteRD "80"]
[BlackElo "1625"]
[BlackRD "65"]
[GameID "178462"]

1. e4 c6 2. Nc3 d5 3. Qf3 d4 4. Bc4 e6 5. Nce2 b5 6. Bb3 a5 7. c3 d3 8. Nf4 c5 9. e5 Ra7 10. a4 c4
11. Ba2 Qc7 12. axb5 Qxe5+ 13. Qe3 Qxe3+ 14. fxe3 e5 15. Nd5 Ne7 16. b6 Rb7 17. Bxc4 Nxd5 18. Bxd5 Rxb6 19. Rxa5 Bf5 20. Nf3 Bd6
21. e4 Bg6 22. O-O O-O 23. h3 Nd7 24. Nh4 Nf6 25. Nxg6 hxg6 26. Rf3 Bc7 27. Rxd3 Rxb2 28. Ra1 Rb5 29. Ba3 Rfb8 30. Bb4 Rd8
31. Bc4 Rb7 32. Rxd8+ Bxd8 33. Ra8 Rd7 34. Ba5
1-0

[Event "2009 Standard Chess Dropout Tournament, Round 1"]
[Site "SchemingMind.com"]
[Date "2008.11.12"]
[Round "1"]
[White "roscoe"]
[Black "acteon"]
[Result "0-1"]
[WhiteCountry "USA"]
[BlackCountry "COL"]
[WhiteElo "1516"]
[WhiteRD "100"]
[BlackElo "1754"]
[BlackRD "113"]
[GameID "178463"]

1. Nf3 d5 2. d4 Nc6 3. g3 Bg4 4. Bg2 Qd7 5. O-O Bh3 6. Bxh3 Qxh3 7. Ng5 Qf5 8. Qd3 Qxd3 9. cxd3 Nxd4 10. a4 Nxe2+
11. Kh1 Nxc1 12. Rxc1 c6 13. b4 Nf6 14. b5 e6 15. bxc6 bxc6 16. Rxc6 h6 17. Nf3 Kd7 18. Ra6 Bc5 19. Ne5+ Ke7 20. Nc3 Bb6
21. Ra2 Rhc8 22. Nb5 Nd7 23. Nxd7 Kxd7 24. d4 Rc4 25. Rd2 Kc6 26. Na3 Rc1+ 27. Kg2 Kb7 28. Rxb6+ axb6 29. Nb5 Rxa4 30. Nd6+ Kc6
31. Nxf7 b5 32. Ne5+ Kd6 33. Nd3 Rxd4 34. Kf3 Re1
0-1

[Event "2009 Standard Chess Dropout Tournament, Round 1"]
[Site "SchemingMind.com"]
[Date "2008.11.10"]
[Round "1"]
[White "Ryan"]
[Black "Templar"]
[Result "1-0"]
[WhiteCountry "NED"]
[BlackCountry "AUS"]
[WhiteElo "2059"]
[WhiteRD "108"]
[BlackElo "1849"]
[BlackRD "122"]
[GameID "178464"]

1. e4 c5 2. Nf3 d6 3. d4 cxd4 4. Nxd4 Nf6 5. Nc3 e6 6. g4 h6 7. Rg1 Be7 8. h4 d5 9. Bf4 a6 10. e5 Ne4
11. Nxe4 dxe4 12. Bg2 Bxh4 13. Bxe4 O-O 14. Qd2 Bg5 15. O-O-O Nd7 16. Bxg5 Qxg5 17. f4 Qe7 18. g5 h5 19. Rh1 g6 20. Rxh5
1-0

[Event "2009 Standard Chess Dropout Tournament, Round 1"]
[Site "SchemingMind.com"]
[Date "2008.11.15"]
[Round "1"]
[White "saxon"]
[Black "paradox"]
[Result "1-0"]
[WhiteCountry "GER"]
[BlackCountry "GER"]
[WhiteElo "2370"]
[WhiteRD "119"]
[BlackElo "1802"]
[BlackRD "113"]
[GameID "178465"]

1. e4 e6 2. d4 d5 3. Nc3 Nf6 4. e5 Nfd7 5. f4 c5 6. Nf3 Nc6 7. Be3 cxd4 8. Nxd4 Bc5 9. Qd2 O-O 10. O-O-O a6
11. Nb3 b6 12. h4 Ne7 13. Bd3 Qc7 14. h5 h6 15. g4 Bb7 16. Rhg1 Bxe3 17. Qxe3 Nc5 18. Nd4 Nxd3+ 19. Qxd3 Nc6 20. g5 hxg5
21. h6 Nxd4 22. hxg7 Rfc8 23. Rxg5 Nf5 24. Rh1 Nxg7 25. Qh7+ Kf8 26. Rxg7 Ke8 27. Qg8+
1-0

[Event "2009 Standard Chess Dropout Tournament, Round 1"]
[Site "SchemingMind.com"]
[Date "2008.11.15"]
[Round "1"]
[White "Schaakmaatje"]
[Black "Chess_Man01"]
[Result "0-1"]
[WhiteCountry "NED"]
[BlackCountry "GBR"]
[WhiteElo "1779"]
[WhiteRD "55"]
[BlackElo "2132"]
[BlackRD "65"]
[GameID "178466"]

1. e4 d5 2. exd5 Nf6 3. Nc3 Nxd5 4. Qf3 e6 5. Bc4 Nb4 6. Bb3 Nd7 7. d4 c5 8. Be3 cxd4 9. Bxd4 Nc5 10. Nge2 Nxb3
0-1

[Event "2009 Standard Chess Dropout Tournament, Round 1"]
[Site "SchemingMind.com"]
[Date "2008.11.14"]
[Round "1"]
[White "simon_w"]
[Black "Sebastian Strauchler"]
[Result "0-1"]
[WhiteCountry "IRL"]
[BlackCountry "ARG"]
[WhiteElo "1819"]
[WhiteRD "71"]
[BlackElo "2205"]
[BlackRD "119"]
[GameID "178468"]

1. e4 c5 2. Nc3 g6 3. d4 Bg7 4. Nf3 cxd4 5. Nxd4 Nc6 6. Be3 Nf6 7. Nxc6 bxc6 8. e5 Nd5 9. Nxd5 cxd5 10. Qxd5 Rb8
11. O-O-O Bb7 12. Qc5 O-O 13. c3 d6 14. exd6 exd6 15. Qxd6 Qa5 16. Bc4 Bxg2 17. Rhe1 Bxc3 18. Re2 Bf3 19. Bxf7+ Kxf7 20. Qd7+ Kg8
21. Qe6+ Kh8 22. Rc2 Bxb2+ 23. Rxb2 Qc3+
0-1

[Event "2009 Standard Chess Dropout Tournament, Round 1"]
[Site "SchemingMind.com"]
[Date "2008.11.11"]
[Round "1"]
[White "Sixmax"]
[Black "Teagy"]
[Result "0-1"]
[WhiteCountry "DEN"]
[BlackCountry "ENG"]
[WhiteElo "2071"]
[WhiteRD "62"]
[BlackElo "1866"]
[BlackRD "78"]
[GameID "178469"]

1. e4 e6 2. d4 d5 3. Nc3 Bb4 4. Ne2 Nc6 5. a3 Ba5 6. b4 Bb6 7. Bb2 Nge7 8. Qd3 O-O 9. O-O-O a5 10. b5 Na7
11. a4 c6 12. Ba3 cxb5 13. axb5 Bd7 14. exd5 Re8
0-1

[Event "2009 Standard Chess Dropout Tournament, Round 1"]
[Site "SchemingMind.com"]
[Date "2008.11.10"]
[Round "1"]
[White "slotheman"]
[Black "Gilligan"]
[Result "1-0"]
[WhiteCountry "USA"]
[BlackCountry "USA"]
[WhiteElo "1675"]
[WhiteRD "85"]
[BlackElo "1595"]
[BlackRD "80"]
[GameID "178470"]

1. e4 e5 2. Nf3 Nc6 3. d4 exd4 4. Bc4 Be7 5. c3 dxc3 6. Qd5 Nh6 7. Bxh6 O-O 8. Bxg7 Kxg7 9. Nxc3 Nb4 10. Qd2 d6
11. a3 Nc6 12. O-O Ne5 13. Nxe5 dxe5 14. Rad1 Qxd2 15. Rxd2 b6 16. Bd5 Rb8 17. Nb5 c5 18. Nxa7 Bb7 19. Rfd1 Bxd5 20. Rxd5 f6
21. Nc6 Rb7 22. Rd7 Rxd7 23. Rxd7 Rf7 24. Nxe7 Kf8 25. Rb7 Rxe7 26. Rxb6 Kf7 27. g4 Kg6 28. h4 h5 29. g5
1-0

[Event "2009 Standard Chess Dropout Tournament, Round 1"]
[Site "SchemingMind.com"]
[Date "2008.11.10"]
[Round "1"]
[White "smothered mate"]
[Black "MichaelDV"]
[Result "0-1"]
[WhiteCountry "POL"]
[BlackCountry "SWE"]
[WhiteElo "1882"]
[WhiteRD "54"]
[BlackElo "2396"]
[BlackRD "71"]
[GameID "178471"]

1. d4 d5 2. c4 e6 3. Nf3 c6 4. e3 Nf6 5. Nc3 Nbd7 6. Bd2 Bd6 7. c5 Bc7 8. b4 e5 9. a4 O-O 10. Be2 e4
11. Ng1 Re8 12. Qb3 b6 13. b5 bxc5 14. bxc6 c4 15. Qa3 Nb8 16. Nb5 Nxc6 17. Nxc7 Qxc7 18. Nh3 Bxh3 19. gxh3 Qd7 20. Bf1 Qf5
21. Bg2 Rab8 22. O-O Rb3 23. Qd6 Qd7 24. Qf4 c3 25. Bc1 Nb4 26. f3 Nd3 27. Qg3 c2 28. Bd2 exf3 29. Bxf3 Qb7 30. Be2 Ne4
0-1

[Event "2009 Standard Chess Dropout Tournament, Round 1"]
[Site "SchemingMind.com"]
[Date "2008.11.12"]
[Round "1"]
[White "startstek"]
[Black "Stephen"]
[Result "1-0"]
[WhiteCountry "ALG"]
[BlackCountry "ENG"]
[WhiteElo "1955"]
[WhiteRD "84"]
[BlackElo "1888"]
[BlackRD "99"]
[GameID "178472"]

1. e4 d5 2. exd5 Qxd5 3. Nc3 Qa5 4. d4 c6 5. Nf3 Nf6 6. Bc4 Bf5 7. Bd2 Nbd7 8. Qe2 e6 9. d5 cxd5 10. Nxd5 Qd8
11. Nxf6+ Nxf6 12. Bb5+ Nd7 13. Ne5
1-0